[Event "Oviedo Rapid"]
[Site "?"]
[Date "1993.??.??"]
[Round "?"]
[White "Ulibin, Mikhail"]
[Black "Fernandez Garcia, Jose Luis"]
[WhiteElo "2560"]
[BlackElo "2445"]
[Result "0-1"]

1. d4 Nf6 2. c4 g6 3. Nc3 d5 4. cxd5 Nxd5 5. e4 Nxc3 6. bxc3 Bg7 7. Bb5+ c6 8. Ba4 O-O 9. Ne2 b6 10. O-O Ba6 11. Be3 e5 12. Rc1 Qc7 13. Qd2 Rd8 14. Rfd1 Nd7 15. Bg5 f6 16. Be3 Nc5 17. Bc2 Nb7 18. Bd3 Bxd3 19. Qxd3 Qf7 20. Qc2 Na5 21. c4 exd4 22. Rxd4 c5 23. Rd5 Rxd5 24. exd5 Nb7 25. Nf4 Bh6 26. Qa4 Nd6 27. Qc6 Nb7 28. Ne6 Bxe3 29. fxe3 Re8 30. e4 Na5 31. Qd6 Nb7 32. Qf4 Na5 33. e5 fxe5 34. Qxe5 Nc6 35. Qc3 Nd8 36. Rf1 Qe7 37. Re1 Nxe6 38. Rxe6 Qd7 39. Rxe8+ Qxe8 

0-1

[Event "Oviedo Rapid"]
[Site "?"]
[Date "1993.??.??"]
[Round "?"]
[White "Zapata, Alonso"]
[Black "Fernandez Garcia, Jose Luis"]
[WhiteElo "2555"]
[BlackElo "2445"]
[Result "0-1"]

1. e4 e5 2. Nf3 Nc6 3. Bb5 a6 4. Ba4 Nf6 5. O-O Bc5 6. c3 b5 7. Bb3 d6 8. a4 Bb7 9. d3 h6 10. Nbd2 O-O 11. Re1 Ne7 12. Nf1 Ng6 13. Ng3 d5 14. axb5 axb5 15. Rxa8 Bxa8 16. exd5 Bxd5 17. Ne4 Bxe4 18. dxe4 Ng4 19. Rf1 Qxd1 20. Bxd1 Ra8 21. Nd2 Nf6 22. Nb3 Bb6 23. Bc2 Nf4 24. Bxf4 exf4 25. Nd4 b4 26. g3 bxc3 27. bxc3 Ra3 28. Nb5 Ra2 29. Bb1 Rb2 30. Nd4 fxg3 31. hxg3 Ng4 32. Bd3 Ne5 33. Rd1 c5 34. Nf5 c4 35. Bf1 Rxf2 36. Kh1 g6 37. Ne7+ Kg7 38. Nd5 Bc5 39. Bg2 Rc2 40. Ra1 Ng4 41. Re1 Bf2 

0-1

[Event "Zaragoza op"]
[Site "?"]
[Date "1996.??.??"]
[Round "?"]
[White "Spraggett, Kevin"]
[Black "Fernandez Garcia, Jose Luis"]
[WhiteElo "2545"]
[BlackElo "2465"]
[Result "0-1"]

1. e4 e5 2. Nf3 Nc6 3. Bb5 a6 4. Ba4 Nf6 5. O-O Be7 6. Re1 b5 7. Bb3 d6 8. c3 O-O 9. h3 Na5 10. Bc2 c5 11. d4 Qc7 12. Nbd2 cxd4 13. cxd4 Rd8 14. Nf1 exd4 15. a4 d5 16. e5 Ne4 17. axb5 axb5 18. Nxd4 Bb7 19. Bf4 Bc5 20. Rc1 Qb6 21. Be3 Nc4 22. Nf5 Nxf2 23. Kxf2 d4 24. Bg5 d3+ 25. Kg3 dxc2 26. Qg4 Rd3+ 27. Kh4 Qg6 28. Rxc2 h6 29. Be7 Qxg4+ 30. hxg4 Bxe7+ 31. Nxe7+ Kf8 32. Nf5 Bxg2 33. N1g3 Bd5 34. g5 hxg5+ 35. Kxg5 Nxe5 36. Re3 f6+ 37. Kh4 Rxe3 38. Nxe3 Ra4+ 39. Kh3 Be6+ 40. Kg2 Rb4 

0-1

[Event "Havana-B"]
[Site "?"]
[Date "1986.??.??"]
[Round "?"]
[White "Ricardi, Pablo"]
[Black "Fernandez Garcia, Jose Luis"]
[WhiteElo "2520"]
[BlackElo "2455"]
[Result "0-1"]

1. d4 Nf6 2. c4 d5 3. Nc3 g6 4. Nf3 Bg7 5. Bg5 Ne4 6. cxd5 Nxg5 7. Nxg5 c6 8. dxc6 Nxc6 9. e3 e5 10. d5 Qxg5 11. dxc6 O-O 12. h4 Qe7 13. Nd5 Qd6 14. c7 e4 15. Bc4 Bxb2 16. Rb1 Be5 17. h5 Kg7 18. Qb3 Qc5 19. Qb4 Qxb4+ 20. Rxb4 gxh5 21. Rxh5 Bd6 22. Rb1 b6 23. Kd2 h6 24. Rbh1 Rh8 25. Nc3 Bxc7 26. Nxe4 Bg4 27. R5h4 Rad8+ 28. Kc2 Bf5 29. Bd3 Bg6 30. f3 Be5 31. Rb1 Rd7 32. Rb4 Rhd8 33. Rb3 Rc7+ 34. Kd2 f5 35. Nc3 Rcd7 36. Ne2 f4 37. e4 Bf7 38. Rg4+ Kf8 39. Nc1 Bxb3 40. axb3 Bb2 41. Rxf4+ Ke7 

0-1

[Event "Dos Hermanas-B"]
[Site "?"]
[Date "2003.04.03"]
[Round "?"]
[White "Pogorelov, Ruslan"]
[Black "Fernandez Garcia, Jose Luis"]
[WhiteElo "2517"]
[BlackElo "2452"]
[Result "0-1"]

1. Nf3 g6 2. c4 Bg7 3. d4 Nf6 4. Nc3 d5 5. cxd5 Nxd5 6. e4 Nxc3 7. bxc3 c5 8. Rb1 O-O 9. Be2 b6 10. O-O Bb7 11. Qd3 Ba6 12. Qe3 Qc8 13. d5 Bxe2 14. Qxe2 e6 15. c4 exd5 16. cxd5 Qa6 17. Qc2 Nd7 18. Bf4 Rfe8 19. Rfe1 c4 20. Rb4 c3 21. e5 Rac8 22. Rbe4 Qb5 23. e6 fxe6 24. Rxe6 Nc5 25. Rxe8+ Rxe8 26. Rxe8+ Qxe8 27. d6 Bf6 28. Be3 Qe4 29. Qc1 Qd3 30. Ne1 Qxd6 31. Qc2 Bd4 32. Bc1 Qd5 33. g3 b5 34. Bh6 b4 35. Qe2 Qe6 36. Qxe6+ Nxe6 37. Nd3 a5 38. Kg2 Nc5 39. Nxc5 Bxc5 40. Kf1 a4 41. Ke2 b3 42. axb3 a3 

0-1

[Event "9th Elgoibar"]
[Site "?"]
[Date "1999.??.??"]
[Round "?"]
[White "San Segundo Carrillo, Pablo"]
[Black "Fernandez Garcia, Jose Luis"]
[WhiteElo "2510"]
[BlackElo "2443"]
[Result "0-1"]

1. d4 Nf6 2. c4 g6 3. Nc3 d5 4. Nf3 Bg7 5. Bf4 O-O 6. Rc1 c6 7. e3 Bg4 8. Bd3 e6 9. h3 Bxf3 10. Qxf3 Nbd7 11. O-O Qe7 12. Bh2 Rfe8 13. Qd1 dxc4 14. Bxc4 e5 15. dxe5 Nxe5 16. Be2 Rad8 17. Qc2 Nd5 18. Nxd5 Rxd5 19. e4 Rd4 20. f4 Red8 21. Rcd1 Nc4 22. Bxc4 Rxd1 23. Bxf7+ Kxf7 24. Rxd1 Rxd1+ 25. Qxd1 Qxe4 26. Qd7+ Qe7 27. Qd1 Bxb2 28. f5 Qe3+ 29. Kh1 Qc1 30. Qxc1 Bxc1 31. fxg6+ hxg6 32. g4 Ke6 33. Kg2 Kd5 34. Kf3 a5 35. h4 b5 36. h5 gxh5 37. gxh5 a4 38. Ke2 b4 39. Kd3 c5 40. Bg3 c4+ 41. Kc2 Bh6 42. Be1 b3+ 43. axb3 axb3+ 44. Kb2 Bg7+ 45. Ka3 Ke4 

0-1

[Event "Open Internazionale"]
[Site "?"]
[Date "2003.08.21"]
[Round "?"]
[White "Peralta, Fernando"]
[Black "Fernandez Garcia, Jose Luis"]
[WhiteElo "2505"]
[BlackElo "2466"]
[Result "0-1"]

1. Nf3 g6 2. e4 d5 3. exd5 Qxd5 4. d4 Bg7 5. Be2 Nh6 6. O-O O-O 7. Bf4 Nf5 8. Nc3 Qd8 9. Nb5 c6 10. Nc7 g5 11. Nxg5 e5 12. Nxa8 exf4 13. Nf3 Be6 14. Qd2 Nd7 15. Qxf4 Qxa8 16. Ng5 Nxd4 17. Bd3 Bf5 18. Qd2 Nc5 19. Bxf5 Nxf5 20. Rad1 Nd4 21. Qb4 Na6 22. Qa4 Qd8 23. Ne4 f5 24. c3 fxe4 25. cxd4 Qd5 26. Rfe1 Rd8 27. Qc2 Bxd4 

0-1

[Event "Bilbao"]
[Site "?"]
[Date "1987.??.??"]
[Round "?"]
[White "Illescas Cordoba, Miguel"]
[Black "Fernandez Garcia, Jose Luis"]
[WhiteElo "2505"]
[BlackElo "2450"]
[Result "0-1"]

1. c4 Nf6 2. Nc3 d5 3. cxd5 Nxd5 4. Nf3 g6 5. g3 Nxc3 6. bxc3 Bg7 7. Bg2 O-O 8. O-O c5 9. Qa4 Nd7 10. Rb1 Qc7 11. Qh4 Nf6 12. d3 Nh5 13. c4 Rb8 14. Bb2 b6 15. Bxg7 Kxg7 16. Qg5 f6 17. Qe3 e5 18. a4 Bd7 19. a5 bxa5 20. Nd2 f5 21. Nb3 Rfc8 22. Nxa5 Rxb1 23. Rxb1 Qxa5 24. Qxe5+ Kh6 25. Rb7 Re8 26. Qd6 Rxe2 27. Bf1 Qe1 28. Qxc5 Bc6 29. Rxa7 Bf3 30. Rf7 Ng7 31. Qd4 Ne6 32. Qh4+ Bh5 33. g4 Ng5 34. Kg2 Nxf7 35. Bxe2 Qxe2 36. gxh5 g5 37. Qd4 Ne5 38. c5 Qf3+ 39. Kg1 Qd1+ 40. Kg2 Qf3+ 41. Kf1 Nxd3 

0-1

[Event "1nd Barcelona tt"]
[Site "?"]
[Date "2003.12.15"]
[Round "?"]
[White "Campora, Daniel H"]
[Black "Fernandez Garcia, Jose Luis"]
[WhiteElo "2503"]
[BlackElo "2475"]
[Result "0-1"]

1. e4 e5 2. d4 exd4 3. Qxd4 Nc6 4. Qe3 Nf6 5. Nc3 Bb4 6. Bd2 O-O 7. O-O-O Re8 8. Qg3 Rxe4 9. a3 Bd6 10. Qh3 Bc5 11. f3 Rd4 12. Nge2 d5 13. Qg3 Rxd2 14. Kxd2 Nh5 15. Qe1 Qg5+ 16. f4 Nxf4 17. Qg3 Nh3+ 18. Qxg5 Nxg5 19. b4 Bb6 20. Ke1 Be6 21. Nxd5 Bxd5 22. Rxd5 Ne4 23. h3 Re8 24. c4 Bf2+ 25. Kd1 Ne5 26. c5 c6 27. Rxe5 Rxe5 28. Kc2 h5 29. g4 hxg4 30. hxg4 Nf6 31. Nf4 Nxg4 32. Nd3 Re4 33. Bh3 Bd4 34. Kb3 f5 35. a4 g6 36. b5 Ne5 37. Nxe5 Rxe5 38. bxc6 bxc6 39. Rd1 Bxc5 40. Bg2 Kg7 41. Bxc6 g5 42. Kc4 Bb6 43. Rd7+ Kg6 44. Bd5 g4 45. a5 Bf2 46. a6 Rxd5 47. Kxd5 g3 48. Rd8 Kf7 49. Rd7+ Kf6 50. Rd6+ Kg5 

0-1

[Event "Capablanca mem PREMIER II"]
[Site "?"]
[Date "2005.05.09"]
[Round "?"]
[White "Corrales, Fidel"]
[Black "Fernandez Garcia, Jose Luis"]
[WhiteElo "2501"]
[BlackElo "2468"]
[Result "0-1"]

1. e4 e5 2. Nf3 Nc6 3. Bb5 a6 4. Ba4 Nf6 5. O-O Be7 6. Re1 b5 7. Bb3 Bb7 8. a4 Na5 9. Ba2 Nxe4 10. Nxe5 O-O 11. Qh5 Nc4 12. Nxc4 bxc4 13. Bxc4 Bh4 14. g3 Qf6 15. Rxe4 Bxe4 16. d3 Bf3 17. Qxh4 Rfe8 18. d4 Re1+ 19. Bf1 Qxh4 20. gxh4 Rxc1 21. Ra3 Be2 22. Nd2 Re8 23. Kg2 Rxc2 24. Nf3 Rxb2 25. Ne5 Bxf1+ 26. Kxf1 Rb4 27. Nxd7 Rxd4 28. Nc5 Rc4 29. Nxa6 Ra8 30. Rb3 h5 31. Nb8 Raxa4 

0-1

[Event "Jurmala"]
[Site "?"]
[Date "1983.??.??"]
[Round "?"]
[White "Chandler, Murray G"]
[Black "Fernandez Garcia, Jose Luis"]
[WhiteElo "2500"]
[BlackElo "2435"]
[Result "0-1"]

1. e4 e5 2. Nf3 Nc6 3. Bb5 a6 4. Ba4 Nf6 5. O-O Be7 6. Re1 b5 7. Bb3 O-O 8. a4 Bb7 9. d3 d6 10. Nc3 Na5 11. axb5 Nxb3 12. cxb3 axb5 13. Rxa8 Qxa8 14. Nxb5 Rb8 15. Nc3 Bc8 16. Bg5 Be6 17. d4 Bxb3 18. Qd2 exd4 19. Nxd4 Be6 20. h3 Qb7 21. b4 Re8 22. b5 Bd7 23. Nf5 Bxf5 24. exf5 Qa8 25. Bxf6 Bxf6 26. Nd5 Rxe1+ 27. Qxe1 Kf8 28. Nxc7 Qb8 29. Qa5 Bd4 30. Nd5 Qc8 31. b6 Qb7 32. Qb5 Bc5 33. Nc7 Ke7 34. Qe2+ Kf6 35. g4 Bxb6 36. Ne8+ Kg5 37. Qd2+ Kh4 38. Nxg7 Kxh3 39. Qf4 Qg2# 

0-1

[Event "Linares zt"]
[Site "?"]
[Date "1995.??.??"]
[Round "?"]
[White "Nijboer, Friso"]
[Black "Fernandez Garcia, Jose Luis"]
[WhiteElo "2485"]
[BlackElo "2445"]
[Result "0-1"]

1. e4 e5 2. Nf3 Nc6 3. Nc3 Nf6 4. Bb5 Nd4 5. Ba4 c6 6. Nxe5 d6 7. Nf3 Bg4 8. d3 d5 9. exd5 Nxd5 10. Nxd4 Bxd1 11. Nxc6 Nxc3 12. Nxd8+ Nxa4 13. Nxf7 Kxf7 14. Kxd1 Rd8 15. Re1 Bc5 16. Re4 Rd4 17. f3 Rxe4 18. fxe4 Ke6 19. c3 Rf8 20. d4 Rf2 21. dxc5 Rxg2 22. h3 Ke5 23. Ke1 Kxe4 24. Kf1 Kf3 25. Be3 Nxb2 26. c6 bxc6 27. Bxa7 Nc4 28. a4 c5 29. Bxc5 Nd2+ 30. Ke1 Nb3 31. Ra3 Nxc5 32. c4+ Ke4 

0-1

[Event "Leon"]
[Site "?"]
[Date "1991.??.??"]
[Round "?"]
[White "De La Villa Garcia, Jesus Maria"]
[Black "Fernandez Garcia, Jose Luis"]
[WhiteElo "2470"]
[BlackElo "2470"]
[Result "0-1"]

1. e4 e5 2. Nf3 Nc6 3. Bb5 a6 4. Ba4 Nf6 5. O-O Bc5 6. Nxe5 Nxe5 7. d4 Nxe4 8. Qe2 Be7 9. Qxe4 Ng6 10. c4 O-O 11. Nc3 c6 12. Qd3 b5 13. Bb3 bxc4 14. Bxc4 d5 15. Bb3 a5 16. Re1 Bd6 17. Be3 Nh4 18. Qd1 Nxg2 19. Kxg2 Qh4 20. f4 Bg4 21. Qd2 Rae8 22. Qf2 Qh3+ 23. Kg1 Re6 24. Bd1 Bxd1 25. Raxd1 Be7 26. Bd2 Bh4 27. Qf1 Qg4+ 28. Qg2 Qxg2+ 29. Kxg2 Bxe1 30. Rxe1 Rxe1 31. Bxe1 f5 32. b3 Re8 33. Kf2 Kf7 34. Bd2 Ke7 35. Na4 Ra8 36. Nc5 Ra7 37. a4 h6 38. h4 Kf6 39. b4 axb4 40. Bxb4 g5 41. hxg5+ hxg5 42. fxg5+ Kxg5 43. a5 Kg4 44. a6 f4 45. Ba5 f3 46. Bb6 Re7 47. a7 Re2+ 48. Kf1 Ra2 49. Nb3 Ra6 50. Kf2 Ra2+ 51. Kf1 Ra6 52. Na5 Kf4 53. Kf2 Ke4 54. Nb3 Ra2+ 55. Kf1 Ke3 56. Ba5 Rf2+ 57. Ke1 Re2+ 58. Kd1 f2 59. Nd2 Rxd2+ 60. Bxd2+ Kd3 

0-1

[Event "Capablanca mem-B"]
[Site "?"]
[Date "1980.??.??"]
[Round "?"]
[White "Vera, Reynaldo"]
[Black "Fernandez Garcia, Jose Luis"]
[WhiteElo "2400"]
[BlackElo "2390"]
[Result "0-1"]

1. c4 c5 2. Nf3 Nf6 3. d4 cxd4 4. Nxd4 Nc6 5. Nc3 e6 6. g3 Bc5 7. Nb3 Be7 8. Bg2 a6 9. O-O d6 10. h3 O-O 11. Bg5 Nh5 12. Bc1 Nf6 13. e4 Rb8 14. Bf4 b6 15. Rc1 Ne5 16. Nd4 Bd7 17. Qe2 Qc7 18. b3 Rfd8 19. g4 Be8 20. g5 Nfd7 21. Be3 Nc5 22. b4 Ncd3 23. Rb1 Qxc4 24. Nd1 Rdc8 25. a3 Nc6 26. Nb3 Nde5 27. Qa2 Ng6 28. Re1 a5 29. f3 a4 30. Bf1 Nxb4 31. axb4 axb3 32. Rxb3 Qc2 33. Rb2 Qc7 34. Nf2 Ra8 35. Qb1 Qb7 36. Ra2 d5 37. Rxa8 Rxa8 38. Rd1 dxe4 39. Nxe4 Ne5 40. Bg2 Bc6 41. f4 Nc4 42. b5 Bd5 43. Bf2 Ra5 44. f5 Bf8 45. g6 h6 46. gxf7+ Qxf7 47. fxe6 Bxe6 48. Rd8 Bf5 49. Qb4 Ra1+ 50. Kh2 Be6 51. Bg3 Ra2 52. Qe1 Qf3 53. Nf2 Qe3 54. Qg1 Ne5 55. Re8 Kf7 56. Rd8 Bc5 57. Rd1 Nf3+ 58. Bxf3 Qxf3 59. Rf1 Bc4 

0-1

[Event "Capablanca mem-B"]
[Site "?"]
[Date "1980.??.??"]
[Round "?"]
[White "Bueno Perez, Lazaro Antonio"]
[Black "Fernandez Garcia, Jose Luis"]
[WhiteElo "2355"]
[BlackElo "2390"]
[Result "0-1"]

1. e4 c5 2. Nf3 d6 3. d4 cxd4 4. Nxd4 Nf6 5. Nc3 e6 6. g4 h6 7. g5 hxg5 8. Bxg5 Nc6 9. Qd2 Qb6 10. O-O-O Nxd4 11. Qxd4 Qxd4 12. Rxd4 a6 13. Be2 Bd7 14. h4 Bc6 15. Bf3 Nd7 16. h5 Nc5 17. Re1 e5 18. Rd2 f5 19. Nd5 Bxd5 20. exd5 Be7 21. Bxe7 Kxe7 22. Rg1 Rag8 23. Rg5 g6 24. Rd1 gxh5 25. Rxf5 h4 26. Rh1 Rf8 27. Rxf8 Rxf8 28. Bg4 Rh8 29. f3 Kf6 30. Kd2 Kg5 31. Ke3 Na4 32. b3 Nc3 33. Be6 Nxa2 34. c4 b6 35. Rg1+ Kf6 36. Bh3 Nb4 37. Ke4 a5 38. f4 exf4 39. Kxf4 Nd3+ 40. Kf3 Nc5 41. Re1 Rg8 42. Bg4 Nxb3 

0-1

[Event "Malaga"]
[Site "?"]
[Date "1981.??.??"]
[Round "?"]
[White "Calvo Minguez, Ricardo"]
[Black "Fernandez Garcia, Jose Luis"]
[WhiteElo "2410"]
[BlackElo "2415"]
[Result "0-1"]

1. c4 Nf6 2. d4 g6 3. Nc3 d5 4. Nf3 Bg7 5. Bg5 Ne4 6. cxd5 Nxg5 7. Nxg5 c6 8. e3 e6 9. dxe6 Qxg5 10. exf7+ Kf8 11. Qb3 Qe7 12. d5 cxd5 13. Nxd5 Qc5 14. Nc3 Bxc3+ 15. bxc3 Nc6 16. O-O-O Qe7 17. Bc4 Bg4 18. f3 Na5 19. Qa4 Nxc4 20. Qxc4 Be6 21. Qd4 Kxf7 22. Qf4+ Qf6 23. Qc7+ Qe7 24. Qf4+ Kg7 25. Rd6 Qf6 26. Qc4 Rhc8 27. Kb2 a5 28. Qd4 Rc6 29. Rxc6 bxc6 30. Rd1 Rb8+ 31. Ka3 c5 32. Qxf6+ Kxf6 33. Rd6 Rb1 34. Ra6 Ra1 35. c4 Rc1 36. Kb3 Rb1+ 37. Kc3 Rb4 38. Rxa5 Rxc4+ 39. Kd2 Rb4 40. Rxc5 Rb2+ 41. Rc2 Rxc2+ 42. Kxc2 Bxa2 43. Kd3 Ke5 44. e4 Kf4 45. Ke2 Bc4+ 46. Kf2 Bb3 47. g3+ Ke5 48. Ke3 Bd1 49. f4+ Kd6 50. h3 h5 51. Kd4 Bf3 52. f5 gxf5 

0-1

[Event "Malaga"]
[Site "?"]
[Date "1981.??.??"]
[Round "?"]
[White "Bellon Lopez, Juan Manuel"]
[Black "Fernandez Garcia, Jose Luis"]
[WhiteElo "2415"]
[BlackElo "2415"]
[Result "0-1"]

1. d4 d5 2. c4 e6 3. Nf3 c5 4. g3 Nc6 5. cxd5 exd5 6. Bg2 Nf6 7. O-O Be7 8. Nc3 O-O 9. Bg5 c4 10. Ne5 Be6 11. f4 Nxe5 12. fxe5 Ng4 13. Bxe7 Qxe7 14. Qd2 Rad8 15. h3 Nh6 16. g4 Kh8 17. e4 dxe4 18. Bxe4 Qh4 19. Rf3 f6 20. Raf1 Nf7 21. exf6 Ng5 22. fxg7+ Kxg7 23. d5 Rxf3 24. Rxf3 Nxf3+ 25. Bxf3 Bf7 26. Kg2 Qf6 27. Ne2 Qe5 28. Nf4 Rd6 29. Kg3 Rb6 30. Qd1 Rxb2 31. h4 c3 32. g5 Rd2 33. Qc1 Rd4 34. d6 Rxf4 

0-1

[Event "Marbella zt-A"]
[Site "?"]
[Date "1982.??.??"]
[Round "?"]
[White "Short, Nigel D"]
[Black "Fernandez Garcia, Jose Luis"]
[WhiteElo "2430"]
[BlackElo "2405"]
[Result "1-0"]

1. e4 e5 2. Nf3 Nc6 3. Bb5 a6 4. Ba4 Nf6 5. Qe2 Be7 6. c3 b5 7. Bb3 O-O 8. O-O d5 9. d3 Re8 10. Rd1 Bb7 11. Nbd2 Bf8 12. Nf1 Na5 13. Bc2 c5 14. Ng3 g6 15. h4 Qb6 16. h5 c4 17. Bg5 Rac8 18. hxg6 hxg6 19. Nh2 Bg7 20. Ng4 cxd3 21. Bxd3 dxe4 22. Bxe4 Nxg4 23. Qxg4 Bxe4 24. Qxe4 Nc4 25. Qe2 e4 26. Nf1 Qc5 27. Be3 Nxe3 28. Nxe3 Red8 29. a4 b4 30. Qxa6 bxc3 31. bxc3 Qxc3 32. Rac1 Rxd1+ 33. Rxd1 Bd4 34. Qb5 Ra8 35. Nd5 Qc5 36. Nf6+ Kg7 37. Nxe4 Qa7 38. Qd5 Bb2 39. Nd6 Qxa4 40. Qxf7+ Kh6 41. Rd3 Ra5 42. Rh3+ 

1-0

[Event "Marbella zt-A"]
[Site "?"]
[Date "1982.??.??"]
[Round "?"]
[White "Mcnab, Colin A"]
[Black "Fernandez Garcia, Jose Luis"]
[WhiteElo "2340"]
[BlackElo "2405"]
[Result "0-1"]

1. c4 e6 2. Nf3 d5 3. b3 c5 4. g3 Nc6 5. Bg2 Be7 6. Bb2 d4 7. e3 e5 8. exd4 exd4 9. O-O Nf6 10. d3 O-O 11. Na3 Bf5 12. Nc2 a5 13. Nh4 Bg4 14. f3 Bd7 15. f4 Ng4 16. Bf3 Ne3 17. Nxe3 dxe3 18. Ng2 Bf6 19. Bxf6 Qxf6 20. Qe1 Nd4 21. Bxb7 e2 22. Bxa8 exf1=Q+ 23. Qxf1 Rxa8 24. Re1 Bc6 25. Nh4 h6 26. Qf2 a4 27. bxa4 Rxa4 28. Rb1 Ra8 29. Rb2 Re8 30. Kf1 Ra8 31. Ng2 Qf5 

0-1

[Event "Luzern ol"]
[Site "?"]
[Date "1982.??.??"]
[Round "?"]
[White "Maninang, Rafaelito"]
[Black "Fernandez Garcia, Jose Luis"]
[WhiteElo "2380"]
[BlackElo "2400"]
[Result "0-1"]

1. Nf3 d5 2. c4 e6 3. b3 c5 4. Bb2 Nc6 5. g3 Nf6 6. Bg2 Be7 7. O-O O-O 8. e3 b6 9. cxd5 Nxd5 10. d4 Ba6 11. Re1 cxd4 12. Nxd4 Nxd4 13. Bxd4 Rc8 14. a3 Bf6 15. Ra2 Bxd4 16. Qxd4 Nc3 17. Qxd8 Rfxd8 18. Nxc3 Rxc3 19. Rb2 Kf8 20. Bf1 Bxf1 21. Kxf1 Rdd3 22. Reb1 Ke7 23. Ke2 f5 24. h4 Kf6 25. a4 e5 26. b4 f4 27. gxf4 exf4 28. exf4 Rd4 29. b5 Rxf4 30. Ra1 Re4+ 31. Kd2 Rf3 32. Kd1 Rxh4 33. Raa2 Rd4+ 34. Ke2 Rff4 35. a5 Rb4 36. Ke3 Rfe4+ 37. Kf3 Rxb2 38. Rxb2 Re5 39. axb6 axb6 40. Rb4 g5 41. Kg4 Rf5 42. Rd4 Kg6 43. Rd6+ Rf6 44. Rd5 h5+ 45. Kg3 h4+ 46. Kg2 g4 47. Re5 Rd6 48. Kg1 Rd1+ 49. Kh2 Rd2 50. Kg1 h3 51. Re6+ Kf5 52. Rxb6 Rd1+ 53. Kh2 Rf1 54. Rc6 Rxf2+ 55. Kg1 h2+ 56. Kh1 g3 57. Rc1 Kg4 

0-1

[Event "Torremolinos"]
[Site "?"]
[Date "1985.??.??"]
[Round "?"]
[White "Bellon Lopez, Juan Manuel"]
[Black "Fernandez Garcia, Jose Luis"]
[WhiteElo "2445"]
[BlackElo "2445"]
[Result "0-1"]

1. d4 Nf6 2. c4 g6 3. Nc3 d5 4. Nf3 Bg7 5. e3 O-O 6. b4 b6 7. Bb2 c5 8. Qb3 dxc4 9. Bxc4 cxb4 10. Qxb4 Nc6 11. Qa3 Bb7 12. O-O a6 13. Rfd1 b5 14. d5 Na5 15. Be2 Rc8 16. Ne5 Ne8 17. Nc6 Bxc6 18. dxc6 Nd6 19. c7 Qxc7 20. Nd5 Bxb2 21. Qxb2 Nac4 22. Bxc4 Nxc4 23. Qb4 Qc5 24. Nxe7+ Kg7 25. a3 a5 26. Qc3+ Ne5 27. Qxc5 Rxc5 28. Rd5 Rfc8 29. f4 Rxd5 30. Nxd5 Rc5 31. Rd1 Nc4 32. Rd3 f5 33. g4 fxg4 34. e4 Kf7 35. Kf2 Ke6 36. Ne3 Nxe3 37. Kxe3 b4 38. axb4 axb4 39. Kd4 Rc2 40. h3 Rc3 41. f5+ gxf5 42. exf5+ Kxf5 43. hxg4+ Kxg4 44. Rd1 h5 45. Re1 h4 

0-1

[Event "Havana-B"]
[Site "?"]
[Date "1986.??.??"]
[Round "?"]
[White "Remon, Adelquis"]
[Black "Fernandez Garcia, Jose Luis"]
[WhiteElo "2395"]
[BlackElo "2455"]
[Result "0-1"]

1. d4 Nf6 2. Nf3 g6 3. Bg5 Bg7 4. e3 O-O 5. Bd3 d5 6. Nbd2 c5 7. c3 Qb6 8. Qb1 Nc6 9. O-O Re8 10. a4 e5 11. Bxf6 Bxf6 12. e4 cxd4 13. exd5 Ne7 14. Bb5 Bf5 15. Qa2 Rf8 16. Nc4 Qd8 17. d6 Nc8 18. d7 Be6 19. dxc8=Q Rxc8 20. b3 a6 21. Ncxe5 axb5 22. cxd4 Rc3 23. Rab1 Bxe5 24. dxe5 Rxf3 25. gxf3 Qg5+ 26. Kh1 Bd5 27. Qe2 Qg4 

0-1

[Event "Havana-B"]
[Site "?"]
[Date "1986.??.??"]
[Round "?"]
[White "Lebredo Zaragoitia, Gerardo"]
[Black "Fernandez Garcia, Jose Luis"]
[WhiteElo "2390"]
[BlackElo "2455"]
[Result "0-1"]

1. d4 Nf6 2. c4 g6 3. Nc3 d5 4. Nf3 Bg7 5. Qb3 dxc4 6. Qxc4 O-O 7. e4 Na6 8. Be2 c5 9. d5 e6 10. O-O exd5 11. exd5 Bf5 12. Bf4 Qb6 13. Qb5 Qxb5 14. Bxb5 Nb4 15. Rad1 a6 16. a3 axb5 17. axb4 cxb4 18. Nxb5 Ra5 19. Nbd4 Rxd5 20. Nxf5 gxf5 21. b3 Ra8 22. Rc1 Rd3 23. Rfd1 Rxb3 24. Nd4 Rc3 25. Nxf5 Rxc1 26. Bxc1 Bf8 27. Bb2 Ne4 28. Bd4 Bc5 29. g4 b3 30. Rb1 Rd8 31. Be3 Rd3 32. Kf1 Bxe3 33. Ke2 Rc3 34. Nxe3 Nc5 35. Kd2 Ne4+ 36. Ke2 b5 37. Nd5 Rc2+ 38. Kd3 Nc5+ 39. Kd4 b2 40. Ne3 Ne6+ 41. Kd3 Rxf2 42. Nd1 Rxh2 

0-1

[Event "Pontevedra"]
[Site "?"]
[Date "1986.??.??"]
[Round "?"]
[White "Corral Blanco, Juan Antonio"]
[Black "Fernandez Garcia, Jose Luis"]
[WhiteElo "2380"]
[BlackElo "2485"]
[Result "0-1"]

1. d4 Nf6 2. c4 g6 3. Nc3 d5 4. cxd5 Nxd5 5. e4 Nxc3 6. bxc3 Bg7 7. Bc4 c5 8. Ne2 Nc6 9. Be3 O-O 10. O-O Bg4 11. f3 Na5 12. Bd5 Bd7 13. dxc5 e6 14. Bb3 Bb5 15. Re1 Bxe2 16. Rxe2 Bxc3 17. Rc1 Qf6 18. Kh1 Rfd8 19. Qc2 Bd4 20. Bd2 Nc6 21. f4 Rac8 22. e5 Qh4 23. Qe4 Bxe5 24. g3 Qh6 25. Qg2 Bb2 26. Rb1 Qg7 27. Ba4 Bc3 28. Be1 Bxe1 29. Rexe1 Na5 30. Rec1 Qd4 31. Qc2 Rd5 32. Rb5 b6 33. Rd1 Qxd1+ 34. Qxd1 Rxd1+ 35. Bxd1 Rxc5 36. Rxc5 bxc5 37. Kg1 Kf8 38. Kf2 Ke7 39. Ke2 e5 40. fxe5 Ke6 41. Kd3 Kxe5 42. Bf3 f5 43. Bg2 g5 44. Bf3 Kd6 45. Be2 Nc6 46. Kc4 Ne5+ 47. Kb5 f4 48. gxf4 gxf4 49. Ka6 f3 50. Bf1 c4 

0-1

[Event "Benidorm op"]
[Site "?"]
[Date "1989.??.??"]
[Round "?"]
[White "Timmer, Robert"]
[Black "Fernandez Garcia, Jose Luis"]
[WhiteElo "2270"]
[BlackElo "2440"]
[Result "0-1"]

1. d4 Nf6 2. c4 g6 3. Nc3 d5 4. Bf4 Bg7 5. e3 c5 6. dxc5 Qa5 7. Rc1 dxc4 8. Bxc4 O-O 9. Nf3 Qxc5 10. Bb3 Qa5 11. O-O Nc6 12. h3 Qa6 13. Ne5 Nxe5 14. Bxe5 Be6 15. Bxe6 Qxe6 16. Bd4 Rfd8 17. Qa4 a6 18. Rfd1 Rac8 19. Qa3 Ne8 20. Bxg7 Kxg7 21. Qa5 Rxd1+ 22. Rxd1 Nd6 23. Qb6 Rc6 24. Qd4+ Qf6 25. e4 Qxd4 26. Rxd4 e5 27. Rd5 f6 28. f3 Kf7 29. Nd1 Ke6 30. Ne3 f5 31. exf5+ gxf5 32. Rd2 f4 33. Ng4 Rc1+ 34. Kh2 h5 35. Nf2 Nf5 36. Nd3 Ra1 37. Re2 Ne3 38. g3 Rd1 39. Nf2 Nf1+ 40. Kg2 Nxg3 41. Rxe5+ Kxe5 42. Nxd1 Kd4 43. Nc3 h4 44. Kf2 Kd3 45. Nd5 Nh5 46. b3 Kd4 47. Nb6 Ng7 48. Nc4 Nf5 49. Na5 Nd6 50. b4 Kc3 51. a3 Kb2 52. a4 Kc3 53. b5 axb5 

0-1

[Event "ESP-ch"]
[Site "?"]
[Date "1989.??.??"]
[Round "?"]
[White "Oltra Caurin, Ramon"]
[Black "Fernandez Garcia, Jose Luis"]
[WhiteElo "2430"]
[BlackElo "2330"]
[Result "0-1"]

1. e4 Nf6 2. e5 Nd5 3. d4 d6 4. Nf3 Bg4 5. Be2 c6 6. O-O Bxf3 7. Bxf3 dxe5 8. dxe5 e6 9. b3 Nd7 10. Bb2 Qc7 11. Re1 Rd8 12. a3 Nf4 13. Nd2 Ng6 14. Qe2 Ndxe5 15. Rad1 Bd6 16. Ne4 Nxf3+ 17. Qxf3 Bxh2+ 18. Kf1 Be5 19. Rxd8+ Kxd8 20. Ng5 Bxb2 21. Nxf7+ Ke7 22. Nxh8 Nxh8 23. c3 Qd6 24. Rd1 Qh2 25. Qd3 Qh1+ 26. Ke2 Qh5+ 27. Ke1 Nf7 28. Qd7+ Kf6 29. Rd3 Qh1+ 30. Ke2 Qxg2 31. Qd4+ e5 32. Qb4 Bc1 33. Rf3+ Bf4 34. Qxb7 g5 35. Qxc6+ Kg7 36. Qd5 Qg4 37. Kf1 h5 38. Rd3 h4 39. Qb7 h3 40. Rd7 Qf5 41. Re7 

0-1

[Event "Alicante op"]
[Site "?"]
[Date "1989.??.??"]
[Round "?"]
[White "Brito Garcia, Alfredo"]
[Black "Fernandez Garcia, Jose Luis"]
[WhiteElo "2360"]
[BlackElo "2440"]
[Result "0-1"]

1. Nf3 Nf6 2. g3 g6 3. Bg2 Bg7 4. O-O O-O 5. d4 d5 6. Ne5 c6 7. Nd2 Ng4 8. Nxg4 Bxg4 9. c3 Qc8 10. Re1 Re8 11. Qb3 e5 12. dxe5 Rxe5 13. Nf3 Re8 14. Be3 Nd7 15. h3 Bxf3 16. Bxf3 Rxe3 17. fxe3 Nc5 18. Qb4 Qxh3 19. Qg4 Qxg4 20. Bxg4 Re8 21. Bf3 Rxe3 22. Rad1 f5 23. b4 Na4 24. c4 Nb2 25. cxd5 Nxd1 26. Rxd1 cxd5 27. Bxd5+ Kf8 28. Bf3 Ke7 29. Rc1 Bd4 30. Kg2 Be5 31. Rc5 Bd6 32. Ra5 Bb8 33. Kf2 Rc3 34. Ra4 Bc7 35. b5 Bb6+ 36. Kg2 Rc2 37. g4 fxg4 38. Bxg4 h5 39. Bf3 Kf6 40. Kf1 Rc1+ 41. Kg2 Rc2 42. Kf1 Rb2 43. Bxb7 Rxb5 44. Bf3 Ra5 45. Rc4 Rxa2 46. Kg2 Ra5 47. Rc6+ Kf5 48. Kg3 Rc5 49. Rxc5+ Bxc5 50. Bc6 Bd6+ 51. Kf3 g5 52. Bd7+ Kf6 53. Ke4 g4 54. Kd5 Bb4 55. e4 Kg5 

0-1